000 00325nam a22001217a 4500
008 171123b xxu||||| |||| 00| 0 eng d
041 _aeng
080 _a574
100 _a9
101 _aMJE
245 _aFUNCTION AND EVOLUTION OF BEHAVIOR: AN HISTORICAL SAMPLE FROM THE PENS OF ETHOLOGISTS
_cKLOPFER,P,H
942 _2udc
_cBK
999 _c38368
_d38368